I Am Beauty:Timeless Skincare And Beauty For Women 40 And Over (Record no. 370908)

MARC details
000 -LEADER
fixed length control field 00520nam a2200181Ia 4500
005 - DATE AND TIME OF LATEST TRANSACTION
control field 20260514122847.0
008 - FIXED-LENGTH DATA ELEMENTS--GENERAL INFORMATION
fixed length control field 260514s9999 xx 000 0 und d
020 ## - INTERNATIONAL STANDARD BOOK NUMBER
International Standard Book Number 9780062946454
041 ## - LANGUAGE CODE
Language code of text/sound track or separate title eng
082 ## - DEWEY DECIMAL CLASSIFICATION NUMBER
Classification number 646.72 CAM B2268
100 ## - MAIN ENTRY--PERSONAL NAME
Personal name Campo Riku
9 (RLIN) 217687
245 ## - TITLE STATEMENT
Title I Am Beauty:Timeless Skincare And Beauty For Women 40 And Over
260 ## - PUBLICATION, DISTRIBUTION, ETC. (IMPRINT)
Name of publisher, distributor, etc. Harper One
Place of publication, distribution, etc. Sanfranscisco
300 ## - PHYSICAL DESCRIPTION
Extent 226
500 ## - GENERAL NOTE
Keywords Beauty
650 ## - SUBJECT ADDED ENTRY--TOPICAL TERM
Topical term or geographic name as entry element cosmetology and beauty therapy
9 (RLIN) 217682
650 ## - SUBJECT ADDED ENTRY--TOPICAL TERM
Topical term or geographic name as entry element Personal care and grooming
Holdings
Withdrawn status Lost status Damaged status Not for loan Collection code Home library Current library Date acquired Cost, normal purchase price Bill number Total Checkouts Full call number Barcode Date last seen Cost, replacement price Bill Date Koha item type Original Barcode
          Manilal Nanavati Vocational Training Institute Pune Manilal Nanavati Vocational Training Institute Pune 27/03/2026 3647.09 WORDI/2025/CRB/2629   646.72 CAM B2268 MNVT-BK-2268 14/05/2026 2370.61 20/03/2026 Books B2268